Warhammer 9th Edition Factions - Statistics

General Stats
  • This quiz has been taken 42 times
  • The average score is 14 of 26
Answer Stats
Hint Answer % Correct
Imperium Space Marines
86%
Xenos Tyranids
77%
Chaos Chaos Space Marines
69%
Xenos Orks
69%
Imperium Adeptus Custodes
66%
Imperium Astra Militarum
63%
Chaos Death Guard
63%
Chaos Thousand Sons
63%
Chaos World Eaters
63%
Xenos Necrons
60%
Imperium Adeptus Mechanicus
57%
Xenos Aeldari
57%
Xenos T'au Empire
57%
Imperium Imperial Knights
54%
Chaos Chaos Knights
51%
Xenos Drukhari
51%
Imperium Adepta Sororitas
43%
Chaos Chaos Daemons
43%
Xenos Genestealer Cults
43%
Imperium Grey Knights
43%
Xenos Leagues of Votann
43%
Imperium Blood Angels
40%
Imperium Dark Angels
40%
Imperium Black Templars
31%
Imperium Space Wolves
29%
Imperium Death Watch
17%
No matching quizzes found
Score Distribution
Percent of People with Each Score
Percentile by Number Answered
Your Score History
You have not taken this quiz